|
|
|
|
| LEADER |
01335nam a2200349 a 4500 |
| 001 |
AAL4054 |
| 003 |
BD-DhAAL |
| 005 |
20160210170115.0 |
| 008 |
150209s1996 nyua 001 0 eng |
| 010 |
|
|
|a 95053995
|
| 020 |
|
|
|a 0471139157 (alk. paper)
|
| 020 |
|
|
|a 0471139149 (paper : alk. paper)
|
| 040 |
|
|
|a DLC
|c DLC
|d DLC
|d BD-DhAAL
|
| 050 |
0 |
0 |
|a HG4027.7
|b .O432 1996
|
| 082 |
0 |
0 |
|a 353.0082/048045
|2 20
|
| 999 |
|
|
|c 33620
|d 33620
|
| 999 |
|
|
|c 33620
|
| 100 |
1 |
|
|a O'Hara, Patrick D.
|9 8107
|
| 245 |
1 |
0 |
|a SBA microloan and specialty loan handbook /
|c Patrick D. O'Hara.
|
| 246 |
3 |
|
|a Small Business Administration microloan and specialty loan handbook
|
| 246 |
1 |
4 |
|a SBA microloan & specialty loan handbook
|
| 260 |
|
|
|a New York :
|b Wiley,
|c c1996.
|
| 300 |
|
|
|a ix, 212 p. :
|b ill. ;
|c 29 cm.
|
| 490 |
1 |
|
|a A Wiley small business edition
|
| 500 |
|
|
|a Includes index.
|
| 541 |
|
|
|e 4054
|
| 610 |
2 |
0 |
|a United States. Small Business Administration.
|9 8108
|
| 650 |
|
0 |
|a Small business
|z United States
|x Finance.
|9 8109
|
| 650 |
|
0 |
|a Loans
|z United States
|x Government guaranty.
|9 8110
|
| 830 |
|
0 |
|a Wiley small business editions.
|9 8111
|
| 942 |
|
|
|2 ddc
|c BK
|
| 952 |
|
|
|0 0
|1 0
|2 ddc
|4 0
|6 353_008204804500000_OHA
|7 0
|9 52512
|a SCL
|b SCL
|c GEN
|d 2015-02-09
|e Gift: The Asia Foundation
|l 0
|o 353.0082048045 OHA
|p 3020004054
|r 2015-02-09
|t 1
|w 2015-02-09
|y BK
|